000 01054cam a22002654a 4500
999 _c128199
_d128199
001 16006555
003 ARRUPE
005 20180920121756.0
008 091203s2007 enk b 001 0 eng
010 _a 2009499575
020 _a9780195325928 (pbk.)
040 _aDLC
_cDLC
_dDLC
050 0 0 _aQA8.4
_b.O94 2007
082 0 0 _a510.1
_222
245 0 4 _aThe Oxford handbook of philosophy of mathematics and logic /
_cedited by Stewart Shapiro.
246 3 0 _aPhilosophy of mathematics and logic
260 _aOxford ;
_aNew York :
_bOxford University Press,
_c2007.
300 _axv, 833 p. ;
_c25 cm.
490 0 _aOxford handbooks in philosophy
504 _aIncludes bibliographical references and index.
650 0 _aMathematics
_xPhilosophy.
_942359
650 0 _aLogic, Symbolic and mathematical
_xPhilosophy.
_942360
700 1 _aShapiro, Stewart,
_d1951-
_942361
906 _a7
_bcbc
_corigcop
_d2
_encip
_f20
_gy-gencatlg
942 _2lcc
_cMONOGRAPH